| 000 | 01247nam a2200337 i 4500 | ||
|---|---|---|---|
| 003 | EG-GICUC | ||
| 005 | 20260121101452.0 | ||
| 008 | 251211s1987 ua ||||fr|||| 00| 0 ara d | ||
| 017 | _a19874311 | ||
| 040 |
_a EG-GICUC _bara _c EG-GICUC _d EG-GICUC _erda |
||
| 041 | _aara | ||
| 082 | 0 | 4 |
_221 _a343.623 _bغ ر . ع |
| 092 | 0 | 4 | _221 |
| 099 | _aLaw1 10 343.623 غ ر . ع 1 ed - 1987 | ||
| 100 | 0 |
_aغريب عبدالفتاح غريب _eمؤلف. |
|
| 245 | 1 | 0 |
_aعلم النفس الجنائى / _cغريب عبدالفتاح غريب. |
| 250 | _aالطبعة الاولى | ||
| 264 | 1 |
_aالقاهرة : _bمكتبة سيد عبدالله وهبة، _c1987. |
|
| 300 |
_a204 صفحة ؛ _c24 سم. |
||
| 336 |
_2rda content _atext |
||
| 337 |
_2rda media _aComputer |
||
| 338 |
_2rda carrier _aOnline Resource |
||
| 504 | _aيحتوي على قائمة بالمراجع | ||
| 546 | _aالنص أغلبه باللغة العربية مع بعض النصوص الإنجليزية | ||
| 650 | 1 | 4 |
_aالإتجاة النفساني _2qrmak |
| 650 | 1 | 4 |
_aعلم النفس الجنائي _2qrmak |
| 651 | 1 | _2qrmak | |
| 856 | 4 | 0 | _uhttps://fll.law.cu.edu.eg/fulltext/bks/B10-07174.pdf |
| 905 |
_a75 _eHassnaa |
||
| 942 |
_2ddc _n0 _cBK _e21 |
||
| 999 |
_c49833 _d49833 |
||